000 00550nam a2200229Ia 4500
003 OSt
005 20220918200434.0
006 a|||||r|||| 00| 0
007 ta
008 220917b |||||||| |||| 00| 0 eng d
024 _a88,786
037 _cTextual
040 _aARTS
_cARTS
_beng
041 _2eng
_aeng
082 _aU:96, J7
100 _aOuthwaite L
_994062
245 0 _aAtlantic
_b history of an ocean
260 _c1957
650 _aGEOGRAPHY
942 _hU:96, J7
_cTEXL
_2CC
999 _c212456
_d212456